| 000 | 00630nam a2200205Ia 4500 | ||
|---|---|---|---|
| 001 | 3069 | ||
| 003 | GE_BSU | ||
| 008 | 181216s||||||||xx |||||||||||||| ||und|| | ||
| 040 | _cGE_BSU | ||
| 080 | _a665.5 | ||
| 100 | _aБольшаков,Г.Ф | ||
| 245 | _aВостановление и контроль качества нефтепродуктов. | ||
| 245 | _cРед.изд-во А.И.Лимберг. | ||
| 260 | _aЛ. | ||
| 260 | _bНедра. | ||
| 260 | _c1974. | ||
| 300 | _a314стр.22см. | ||
| 653 | _aВостановление и контроль качества нефтепродуктов. | ||
| 942 | _cBK | ||
| 999 |
_c37113 _d37113 |
||